On culture and social change ; selected papers /

Bibliographic Details
Main Author: Ogburn, William F., 1886-1959
Format: Book
Language:English
Published: Chicago : University of Chicago Press, [1964]
Series:Heritage of sociology.
Subjects:

MARC

Tag First Indicator Second Indicator Subfields
LEADER 00000cam a22000001 4500
001 in00000038357
005 20151007081006.0
008 730724s1964 ilua b 00000 eng
010 |a  64023418  
035 |a (OCoLC)00254630 
035 |9 AAF5709AM 
040 |a DLC  |c DLC  |d TXA  |d UtOrBLW 
049 |a TXAM  |c [454278] 
050 0 0 |a HM101  |b .O38 
082 0 |a 301.2 
092 |a 301.2  |b O34o 
100 1 |a Ogburn, William F.,  |d 1886-1959. 
245 1 0 |a On culture and social change ;  |b selected papers /  |c Edited and with an introd. by Otis Dudley Duncan. 
264 1 |a Chicago :  |b University of Chicago Press,  |c [1964] 
300 |a xxii, 360 pages :  |b illustrations ;  |c 21 cm. 
336 |a text  |b txt  |2 rdacontent 
337 |a unmediated  |b n  |2 rdamedia 
338 |a volume  |b nc  |2 rdacarrier 
490 1 |a The Heritage of sociology 
500 |a "Scientific writings of William Fielding Ogburn": pages [349]-360. 
504 |a Bibliographical footnotes. 
650 0 |a Social change. 
650 0 |a Civilization. 
650 0 |a Technology and civilization. 
830 0 |a Heritage of sociology. 
999 |a MARS 
999 f f |s e2cadbfe-4299-3aa8-a967-ed768d34877c  |i 3d09b956-3d92-3e76-8134-8382c67274f5  |t 0 
952 f f |p ric  |a Texas A&M University  |b Rellis Campus  |c Joint Library Facility  |d Remote Storage  |t 0  |e HM101 .O38  |h Library of Congress classification  |i unmediated -- volume  |m A14800639458 
998 f f |a HM101 .O38  |t 0  |l Remote Storage